Closest World Capitals Going Around the Tropic of Capricorn - Statistics

General Stats
  • This quiz has been taken 129 times
  • The average score is 12 of 20
Answer Stats
Capital % Correct
Brasília
86%
Canberra
78%
Jakarta
73%
Lima
73%
Asunción
67%
Windhoek
67%
Antananarivo
65%
La Paz
65%
Maputo
63%
Pretoria
63%
Dili
58%
Gaborone
58%
Suva
55%
Port Louis
52%
Apia
50%
Sucre
50%
Nukuʻalofa
48%
Mbabane
47%
Port Vila
45%
Monrovia
9%
No matching quizzes found
Score Distribution
Percent of People with Each Score
Percentile by Number Answered
Your Score History
You have not taken this quiz